00594 a2200193 450000500170000001000230001702000300004002000330007003500410010303500170014403700100016103700530017108200060022410000180023024500400024826000430028827000470033130000220037820190305152516.0 aB-284295 B-213930 a8175300523c275.00 399.00 a9788175300521c275.00 399.00 aB-284295,B213912, B-213930,b-213926 aB-427983-987 bAakar bAllied/DE2010/CR/2777/16.3.11/280/4.3.11/30.3.11 aN aGhosh, Amitav aThe hungry tide /cby Amitav Ghosh aNew DelhibRavi Dayal Publishersc2006 a51-E, Sujan singh Parke110 003bNew Delhi a402p.c23cm. (Hb)